|
|
|
|
| LEADER |
00000nam a22000007a 4500 |
| 005 |
2022081807197.0 |
| 007 |
cr|||| |||| |
| 008 |
220818s2020 pe |||||s|||| 00||0 spa d |
| 020 |
|
|
|a 978-612-325-104-8
|
| 035 |
|
|
|a 36877
|
| 040 |
|
|
|a vLex
|
| 090 |
|
|
|c 13748
|d 13748
|
| 100 |
1 |
|
|a Alexy, Robert
|
| 245 |
1 |
0 |
|a Ensayos sobre la teora̕ de los principios y el juicio de proporcionalidad
|h [Recurso electrn̤ico] /
|c Robert Alexy
|
| 256 |
|
|
|a Servicio en ln̕ea
|
| 260 |
|
|
|a Lima:
|b Palestra Editores,
|c 2020
|
| 300 |
|
|
|a 1 recurso electrn̤ico
|
| 500 |
|
|
|a Este volumen ren︢e veinte ensayos sobre la teora̕ de los principios escritos en las l︢timas cuatro dčadas. Dieciocho de estos artc̕ulos han aparecido despuš de sus tres libros: “La teora̕ de la argumentacin̤ jurd̕ica”, publicado por primera vez en 1978; “La teora̕ de los derechos fundamentales”, publicado por primera vez en 1985; y “El concepto y la validez del derecho”, publicado por primera vez en 1992. Esta coleccin̤ de ensayos se caracteriza por dos propiedades. Por un lado, en las l︢timas dčadas, el autor ha tratado de especificar la teora̕ de los principios y defenderla de numerosos ataques. Con referencia a La teora̕ de los derechos fundamentales, esto podra̕ denominarse el aspecto interno o analt̕ico. Por otro lado, sus esfuerzos estaban dirigidos a unir la teora̕ de los principios con la teora̕ de la argumentacin̤ jurd̕ica y el anl̀isis del concepto de derecho con el objeto de lograr un sistema del derecho y del estado democrt̀ico constitucional. Este segundo aspecto corresponde al aspecto externo o sistemt̀ico.
|
| 506 |
1 |
|
|a Disponible solo en los productos indicados
|d vLex Global
|d vLex Global (Academic Edition, excluding Law Schools)
|d vLex Global (U.S. Academic Edition, Law Schools)
|d vLex Global (U.S. Academic Edition, excluding Law Schools)
|d vLex Global (Academic Edition, Law Schools)
|
| 650 |
0 |
4 |
|a Derecho Constitucional
|z Per︢
|
| 740 |
0 |
|
|a vLex Libros (Servicio en ln̕ea)
|
| 856 |
4 |
0 |
|u https://app.vlex.com/#/sources/36877
|z Acceso restringido
|
| 942 |
|
|
|c BOOK
|
| 999 |
0 |
|
|a Constitutional right
|